Statistics for KalBahamut's Travel Across Europe Quiz

Click here to take the quiz!

General Stats

  • This quiz has been taken 2,312 times
  • The average score is 30 of 52

Answer Stats

HintAnswer% Correct
Take the ferry from above to this small island nation.Cyprus
91%
Start in this small Middle Eastern island nation, home to the US Navy's 5th Fleet.Bahrain
84%
Another 12 hours west through the desert and you'll get to this city and site of pilgrimage.Mecca
81%
Cross the Allenby Bridge and go through the West Bank to reach this divided city.Jerusalem
80%
North along the coast and eventually you'll cross into this country.Jordan
79%
Cross again at Hopi and then follow the coast west to this huge continent-straddling metropolis.Istanbul
73%
Cross one of the world's longest causeways and head west through the desert for 3 hours to reach this capital city in the middle of nowhere.Riyadh
71%
Cut across the country to the south until you reach this eternal city.Rome
69%
Then follow the northern coast of the Gulf of Finland to this city of 1.3 million people.Helsinki
68%
Turn north, you can cross the border at Hopa into this Caucasian country.Georgia
67%
Following the coast to the north and then west you'll eventually arrive at this famous city of canals.Venice
67%
Backtrack west to reach this small Orthodox country.Armenia
66%
After a stop in Sarajevo it's west to the nearly 6000 km of coastline of this country.Croatia
66%
Then head north to this capital city of the same country.Kiev
66%
And then it's northeast to another capital, the closest in that direction though its 700 km away.Moscow
66%
600 km to the west and you'll be in this sprawling metro.Paris
66%
Return north via Tuscany to this city famous for its tower.Pisa
66%
Another 200 km north and you'll be in this capital city.Amsterdam
64%
Take a train under water to the largest city on the other side.London
64%
Head west to the Adriatic coast and arrive in Durrës, the oldest city in this country.Albania
63%
Go back the way you came, then south through Paris and Toulouse to reach this micronation.Andorra
62%
Continue heading directly south until you reach the sea and this large coastal city.Barcelona
62%
Proceed northwest to this famous seaside city in the same country.Saint Petersburg
62%
300 km northeast and you'll arrive at this city, home to JCVD.Brussels
61%
On the way to the capital city you can stop at this famous world heritage site carved out of solid rock.Petra
61%
Follow the coast south until crossing the Gulf of Patras, then turn east to get to this even older city.Athens
60%
Via Bratislava, head southeast to this large city on the Danube.Budapest
60%
Another 536 km north and you'll arrive in this capital city.Minsk
60%
Turn north, pass through Thessaloniki, Plovdiv, and Bucharest. Cross the eastern border near Iasi to this country.Moldova
60%
Via Bucharest and Troianul head west to this capital city of the country to the south.Sofia
60%
From there go east to Brno, take a sharp turn south, and go to this large German-speaking city.Vienna
58%
Follow the coast to the west, pass through Monaco, and arrive at this, the oldest city in France.Marseille
56%
Via Cordoba, head south to this point in Europe only 7 nautical miles from AfricaGibraltar
54%
Pass through Hel, Warsaw, and Lublin before arriving at this ancient capital in the same country.Krakow
54%
Head northeast through Geneva until reaching this, the oldest city in the same country.Zurich
54%
Take the ferry south to this famous party capital. Possibly stop at Mallorca on the way.Ibiza
52%
Continue east to this, the largest coastal city in the next country.Odessa
51%
Next head west via Katowice to this charming city on the Vltava River.Prague
51%
Next, via Skopje, arrive at this capital city of a partially recognized country.Pristina
50%
Then it's 370 km south to this city at the confluence of the Danube and Sava.Belgrade
47%
Board the ferry that crosses the gulf for this city to the south.Tallinn
47%
Continue south passing through 3 countries, then go west to this city that changed its German name.Gdansk
45%
Assuming you can get a visa, head east until you reach another sea and this historical oil boom town.Baku
44%
Provided the ferry service resumes, take one from the southwestern coast to these islandsCanaries
44%
Take the ferry south across the strait then follow the coast to the southwest 400 km.Casablanca
44%
Go east and pass through this town that shares its name with a popular superhero.Batman
41%
Take the ferry west to this, the nearest large city on the mainland.Valencia
41%
There is ferry service across the Mediterranean from this northern city.Haifa
37%
Head 240 km south to this city in the foothills of the Atlas mountains.Marrakesh
30%
Cross to the Turkish side of the island and take another ferry, then head west to this resort town.Antalya
28%
Backtrack a bit, turning west at Antwerp, and you'll be "en" this city.Bruges
24%
600 km to the north and you'll reach this city on the Black Sea in time for summer.Constanța
16%

Score Distribution

Percentile by Number Answered

Percent of People with Each Score

Your Score History

You have not taken this quiz